Use of the Videocoference in the International Cooperation of High Schools

Gespeichert in:
Bibliographische Detailangaben
1. Verfasser: Kultan, Jaroslav, 1960-
Format: Buchkapitel
Sprache:Englisch
Tags: Tag hinzufügen
Keine Tags, Fügen Sie das erste Tag hinzu!

MARC

LEADER 00000naa$a2200000$$$4500
001 0102016
005 20240502083246.4
041 0 |a eng 
044 |a UA 
245 1 0 |a Use of the Videocoference in the International Cooperation of High Schools  |c Jaroslav Kultan 
100 1 |a Kultan, Jaroslav, 1960-